02174nam a2200145 4500008001300000020001800013082001800031100003200049245007500081260006400156300003200220505160400252650014301856700002901999702.81 B344t a9783863359232 a702.81bB344t aBauer, Ute Meta (edición) aTheatrical fields: critical strategies in performance, film and video  aSingapur bNTU Centre for Contemporary Art Singapore c2016 a206 p.billc26,5 x 20.5 cm tIntroduction rAlan K.L. Chan tForeword rUte Meta Bauer tForeword rKatarina PierretARTISTIC PRACTICES AND THEATRICALITY tTheatricality Fields: Theory, theater, theatricality rUte Meta Bauer tLife of theater? Events so far rEva Meyer tJoan Jonas and the Scene of time rMarina Warner tScreening theatrical fields: toward a certain uncertain futurity rTimothy Murray tMuseum and moving imagesrGiuliana Bruno tOn showing: the delictic gesture in Ulrike Ottinger´s workrKatharina Sykora tTHEORY AND THEATRICALITY tA short organum for the theaterrBertolt Brecht tRabelais and his world rMikhail Bakhtin tThe theater of cruelty and the closure of representation rJacques Derrida tPerfomance and theatricality: the subject desmytified rJosette Féral tThe disposition of the voicerRégis Durand tOn the balinese theater rAntonin Artaud tThe tooth, the palm rJean-François Lyotard tCONVERSATIONS ON THEATRICALITY tRepetition and possesion tTime tTheater and theatricality tSound, voice, and languagetInstallation and representation tTHEATRICAL FIELDStTheatrical fields at Bildmuseet tTheatrical fields at NTU CCA Singapore tTheatrical fields public programs tVoice offrJudith BarrytSuspiriarStan DouglastSister Squares rMarcel Dzama tStillebenrMarie-Louise Ekman tLines in the sand rJoan JonastVagabondiarIsaac Julien tShe might belong to you / she migth (combination #1)rEva Meyer & Eran Schaerf tFreak Orlando / Johanna D´Arc of Mongolia rUlrike Ottinger t X characters / Re(hers)alrConstanze Ruhm tArtists BiographiestExhibition credits xarte contemporáneoxarte - performance xteatroxestéticaxarte - teatralidad xNTU Centre for Contemporary Art Singapore xvideoarte  aRujoiu, Anca (edición)